000 00556nam a22001817a 4500
005 20241205113836.0
008 241205b |||||||| |||| 00| 0 eng d
020 _a9781485139904
041 _aEnglish
082 _a343.7 BAD
100 _lEnglish
245 _aMineral Law of South Africa : Text, Cases and Commentary /
_cPJ Badenhorst
250 _aFirst Edition
260 _aCape Town:
_bJuta and Company (Pty Ltd,
_c2022
300 _bviii, 455 pages ;
_c25 cm.
650 _aLegal practice
_bLaw
942 _cBK
_6ALISON_BN_VRIES
999 _c3282
_d3282